U.S. "Mc" Counties - Statistics

General Stats
  • This quiz has been taken 40 times
  • The average score is 14 of 32
Answer Stats
State County % Correct
Missouri Mc{Donald}
80%
New Mexico Mc{Kinley}
67%
North Carolina Mc{Dowell}
57%
West Virginia Mc{Dowell}
57%
Illinois Mc{Lean}
57%
Kentucky Mc{Lean}
57%
North Dakota Mc{Lean}
57%
Pennsylvania Mc{Kean}
53%
Illinois Mc{Henry}
47%
North Dakota Mc{Henry}
47%
South Carolina Mc{Cormick}
43%
Georgia Mc{Intosh}
43%
North Dakota Mc{Intosh}
43%
Oklahoma Mc{Intosh}
43%
North Dakota Mc{Kenzie}
43%
Kansas Mc{Pherson}
40%
Nebraska Mc{Pherson}
40%
South Dakota Mc{Pherson}
40%
Montana Mc{Cone}
37%
South Dakota Mc{Cook}
37%
Texas Mc{Lennan}
37%
Texas Mc{Mullen}
37%
Kentucky Mc{Cracken}
33%
Oklahoma Mc{Curtain}
33%
Illinois Mc{Donough}
33%
Minnesota Mc{Leod}
33%
Tennessee Mc{Minn}
33%
Oklahoma Mc{Clain}
30%
Tennessee Mc{Nairy}
30%
Kentucky Mc{Creary}
27%
Texas Mc{Culloch}
27%
Georgia Mc{Duffie}
23%
No matching quizzes found
Score Distribution
Percent of People with Each Score
Percentile by Number Answered
Your Score History
You have not taken this quiz